[Event "GER CM01-D email"]
[White "Bars, Joachim"]
[Black "Ramik, Jiri"]
[Site "GER email"]
[Round "?"]
[Result "1-0"]
[Date "2014.09.25"]
[WhiteElo "2334"]
[BlackElo "2337"]
[PlyCount "103"]
[EventDate "2014.??.??"]
[EventType "tourn (corr)"]
[EventRounds "12"]
[EventCountry "GER"]
[SourceTitle "Corr 2017"]
[Source "ChessBase"]
[SourceDate "2017.09.19"]
[SourceVersion "1"]
[SourceVersionDate "2017.09.19"]
[SourceQuality "1"]

1. d4 Nf6 2. c4 g6 3. Nc3 d5 4. Nf3 Bg7 5. Qb3 dxc4 6. Qxc4 0-0 7. e4 Bg4 8. Be3 Nfd7 9. Qb3 Nb6 10. Rd1 Nc6 11. d5 Ne5 12. Be2 Nxf3+ 13. gxf3 Bh5 14. Rg1 Qc8 15. Rg3 c6 16. a4 Nd7 17. Kf1 Ne5 18. a5 Qc7 19. Kg2 c5 20. d6 exd6 21. Nd5 Qxa5 22. Nf4 Qb4 23. Qc2 Qb6 24. b4 Kh8 25. bxc5 dxc5 26. Rd5 Rg8 27. Kf1 Rad8 28. Rxc5 Qd6 29. Nxh5 gxh5 30. f4 Ng4 31. Rxh5 Nxe3+ 32. fxe3 Rc8 33. Qb3 Rc7 34. Kf2 Qe6 35. Qd3 Qd7 36. Rd5 Qe7 37. e5 f6 38. Rh3 Bf8 39. exf6 Qxf6 40. Rg3 a6 41. Bd1 Rxg3 42. hxg3 b5 43. Rg5 Be7 44. Rh5 h6 45. Bb3 Rc5 46. Rxc5 Bxc5 47. Qd5 Qf8 48. Qe5+ Kh7 49. Qe6 a5 50. f5 Be7 51. e4 a4 52. Bd5 1-0